Barcos /
El tiempo, el espacio y la luz son algunos de los ejes de nuestra experiencia concreta y, al mismo tiempo, son los principales objetos de estudio de la física. Es por esto por lo que muchos de los interrogantes de la vida cotidiana pueden responderse con el aporte de esta ciencia.
Guardado en:
| Autor Corporativo: | |
|---|---|
| Formato: | |
| Publicado: |
Argentina,
2013.
|
| Series: | Ciencia En Todas Partes, Física
|
| Materias: | |
| Acceso en línea: | https://www.educ.ar/recursos/124665/barcos |
| Etiquetas: |
Agregar Etiqueta
Sin Etiquetas, Sea el primero en etiquetar este registro!
|
| LEADER | 01101ngm a22003015g 4500 | ||
|---|---|---|---|
| 001 | CEM.cems024099 | ||
| 008 | 130507s2013##################0###0#####d | ||
| 005 | 20250819151413.0 | ||
| 245 | 0 | 0 | |a Barcos / |c Canal Encuentro. |
| 260 | |a Argentina, |c 2013. | ||
| 300 | |a 5'. | ||
| 490 | 0 | |a Ciencia En Todas Partes, Física | |
| 500 | |a Consultar en ventanilla. | ||
| 538 | |a Soporte: DVD - Grabación DRD | ||
| 520 | |a El tiempo, el espacio y la luz son algunos de los ejes de nuestra experiencia concreta y, al mismo tiempo, son los principales objetos de estudio de la física. Es por esto por lo que muchos de los interrogantes de la vida cotidiana pueden responderse con el aporte de esta ciencia. | ||
| 110 | 2 | |a Canal Encuentro. | |
| 082 | 5 | 3 | |/ ENC |
| 653 | |a FÍSICA | ||
| 653 | |a CIENCIA | ||
| 653 | |a BARCOS | ||
| 653 | |a FLOTACIÓN | ||
| 653 | |a PRESIÓN | ||
| 653 | |a VOLUMEN | ||
| 653 | |a DENSIDAD | ||
| 653 | |a SERIE DE TELEVISIÓN | ||
| 653 | |a CORTO | ||
| 856 | |u https://www.educ.ar/recursos/124665/barcos | ||
| 859 | |a CEMS |b BIB. CEMS - Depto. Recursos Didacticos |h 530 |i ENC |k DRD |p 2742.19 |t Ej.1 | ||
